000 00366pab a2200157 454500
008 180718b1998 xxu||||| |||| 00| 0 eng d
100 _aKoijam, Shanti
245 _aRape: legal and psychological aspects
260 _c1998
300 _ap.33-34
362 _aJan
650 _aSexual abuse
700 _aSandhu, H.S.
773 _aCBI Bulletin
909 _a36523
999 _c36523
_d36523